000 00412nam a22001457a 4500
003 OSt
005 20120302151311.0
008 091022t xxu||||| |||| 00| 0 eng d
035 _a१५६५३
040 _cमराठी
100 _aकर्णिक, मधुमंगेश
_99458
245 _aजगन नाथ आणि कंपनी
300 _b८८ पाने
942 _2ddc
_cBOOK
999 _c494235
_d494232